00553cam a22002171 4500001001300000003000400013005001700017008004100034010001700075035002000092040001800112042001200130050001700142100003500159245006200194260001100256300001900267500001400286650001800300999001700318sa 64001973 DLC20260227112006.0890524s1963 ii 000 0 hino  asa 64001973  a(OCoLC)19761143 aDLCcWaUdDLC apremarc00aPK2057b.S521 aSnehī, Bhūpendra Kumāra.10aŚreshṭha kavayitriyoṃ kī pratinidhi racanāeṃ. c[1963] a126 p.c19 cm. aIn Hindi. 0aHindi poetry. c57076d57076